<?xml version="1.0" encoding="UTF-8"?>
<record
    xmlns:xsi="http://www.w3.org/2001/XMLSchema-instance"
    xsi:schemaLocation="http://www.loc.gov/MARC21/slim http://www.loc.gov/standards/marcxml/schema/MARC21slim.xsd"
    xmlns="http://www.loc.gov/MARC21/slim">

  <leader>00750nam a22002297a 4500</leader>
  <controlfield tag="005">20240122144049.0</controlfield>
  <controlfield tag="008">240122b        sa ||||| |||| 00| 1 ZUL d</controlfield>
  <datafield tag="020" ind1=" " ind2=" ">
    <subfield code="a">9780796038449</subfield>
    <subfield code="q">pbk</subfield>
  </datafield>
  <datafield tag="040" ind1=" " ind2=" ">
    <subfield code="a">rda</subfield>
    <subfield code="c">3228</subfield>
  </datafield>
  <datafield tag="041" ind1=" " ind2=" ">
    <subfield code="2">ZUL</subfield>
  </datafield>
  <datafield tag="082" ind1=" " ind2=" ">
    <subfield code="a">ZUL JF KHES</subfield>
  </datafield>
  <datafield tag="100" ind1=" " ind2=" ">
    <subfield code="a">Kheswa, A.T</subfield>
    <subfield code="9">69721</subfield>
  </datafield>
  <datafield tag="245" ind1=" " ind2=" ">
    <subfield code="a">UNkawana</subfield>
    <subfield code="c">ibhalwe ngu A.T. Kheswa (uMaMsomi) ; izithombe ngu Chantelle Thorne.</subfield>
  </datafield>
  <datafield tag="250" ind1=" " ind2=" ">
    <subfield code="a">First edition</subfield>
  </datafield>
  <datafield tag="260" ind1=" " ind2=" ">
    <subfield code="a">Pietermaritzburg:</subfield>
    <subfield code="b">Shuter &amp; Shooter,</subfield>
    <subfield code="c">2009</subfield>
  </datafield>
  <datafield tag="300" ind1=" " ind2=" ">
    <subfield code="a">14 pages:   </subfield>
    <subfield code="b">colour illustrations;</subfield>
    <subfield code="c">21 cm.</subfield>
  </datafield>
  <datafield tag="490" ind1=" " ind2=" ">
    <subfield code="a">Izindatshana zezilwane</subfield>
  </datafield>
  <datafield tag="521" ind1=" " ind2=" ">
    <subfield code="a">Children aged 10-15 years.</subfield>
    <subfield code="b">uNkawana</subfield>
  </datafield>
  <datafield tag="650" ind1=" " ind2=" ">
    <subfield code="a">Children's stories, Zulu</subfield>
    <subfield code="9">130996</subfield>
  </datafield>
  <datafield tag="700" ind1=" " ind2=" ">
    <subfield code="a">Thorne, Chantelle </subfield>
    <subfield code="e">Illustrator</subfield>
    <subfield code="9">185481</subfield>
  </datafield>
  <datafield tag="942" ind1=" " ind2=" ">
    <subfield code="2">ddc</subfield>
    <subfield code="c">BOOK</subfield>
    <subfield code="w">175</subfield>
    <subfield code="x">Naomi Mtsimane</subfield>
    <subfield code="y">175</subfield>
    <subfield code="z">Naomi Mtsimane</subfield>
  </datafield>
  <datafield tag="999" ind1=" " ind2=" ">
    <subfield code="c">761749</subfield>
    <subfield code="d">761748</subfield>
  </datafield>
  <datafield tag="952" ind1=" " ind2=" ">
    <subfield code="0">0</subfield>
    <subfield code="1">0</subfield>
    <subfield code="2">ddc</subfield>
    <subfield code="4">0</subfield>
    <subfield code="7">0</subfield>
    <subfield code="8">F</subfield>
    <subfield code="a">STANRL</subfield>
    <subfield code="b">LEBOL</subfield>
    <subfield code="c">CHILD</subfield>
    <subfield code="d">2024-01-22</subfield>
    <subfield code="g">75.50</subfield>
    <subfield code="l">0</subfield>
    <subfield code="o">ZUL JF KHES</subfield>
    <subfield code="p">33228031007566</subfield>
    <subfield code="r">2024-01-22</subfield>
    <subfield code="w">2024-01-22</subfield>
    <subfield code="y">BOOK</subfield>
  </datafield>
</record>
